Twenty One Pilots - The Outside (Lyrics) - Statistics

General Stats
  • This quiz has been taken 30 times
  • The average score is 238 of 296
Answer Stats
Answer % Correct
a
100%
and
100%
be
95%
down,
95%
I
95%
the
95%
Up
95%
up
95%
am
90%
got
90%
I'm
90%
in
90%
In
90%
it
90%
I've
90%
me,
90%
me
90%
my
90%
on
90%
On
90%
one
90%
One
90%
one,
90%
out
90%
outside?
90%
outside
90%
take
90%
you
90%
You
90%
again
85%
are
85%
asleep
85%
by
85%
club
85%
don't
85%
drive,
85%
eyes
85%
fall
85%
hit,
85%
I'll
85%
join
85%
long
85%
moving
85%
So
85%
they
85%
to
85%
already
80%
Everybody
80%
line
80%
Megalodon,
80%
nodding
80%
Or
80%
Singin'
80%
stand
80%
this
80%
try
80%
vibes
80%
before
75%
bored
75%
Heads
75%
Kids
75%
like
75%
ocean's
75%
seen
75%
they're
75%
is
70%
pretty
70%
sure
70%
times
70%
vibing,
70%
vibing
70%
will
70%
can
65%
feelin'
65%
Megatron,
65%
pond
65%
prehistoric
65%
runnin',
65%
runnin'
65%
tape
65%
can't
60%
comin',
60%
comin'
60%
heat
60%
know
60%
meteor
60%
summer
60%
that
60%
That
60%
renaissance
55%
street
55%
beast,
50%
efficiency
50%
little
50%
Little
50%
Now
50%
Swimmin'
50%
Then
50%
clingin'
45%
did
45%
start
45%
steppin'
45%
Switch
45%
touch
45%
underneath,
45%
charge
40%
cogs
40%
cover
40%
fumes,
40%
get
40%
fuel
35%
Meteoric
35%
pay
35%
rise
30%
together,
30%
No matching quizzes found
Score Distribution
Percent of People with Each Score
Percentile by Number Answered
Your Score History
You have not taken this quiz